Capitals Starting with 'D' - Statistics

General Stats
  • This quiz has been taken 336 times
  • The average score is 8 of 9
Answer Stats
Continent Capital % Correct
Europe Dublin
93%
Asia Damascus
89%
Africa Dakar
88%
Asia Dhaka
84%
Asia Dili
82%
Asia Doha
82%
Africa Djibouti
81%
Africa Dodoma
78%
Asia Dushanbe
78%
No matching quizzes found
Score Distribution
Percent of People with Each Score
Percentile by Number Answered
Your Score History
You have not taken this quiz